000 00793nam a2200217Ia 4500
003 GCL
008 140319s9999 xx 000 0 ara d
040 _aGCL /
_cGCL
082 0 4 _a811.74
_bح م
100 1 _aالحميرى , نشوان بن سعيد على بن
245 1 0 _aملوك حمير وأفيال اليمن : قصيدة نشوان بن سعيد الحميرى وشرحها /
_cالحميرى , نشوان بن سعيد على بن
700 1 _aاسماعيل بن أحمد الجرافى
260 _a[S.N] :
_bدار التنوير للطباعة والنشر ،
_c1985
300 _a262 ص
490 _a
650 0 4 _aالشعر العربى
650 0 4 _aالادب العربى
650 0 4 _aاليمن
650 0 4 _aدواوين وقصائد
942 _2ddc
_cBK
999 _c37326
_d37326